Philadelphia Phillies Wall of Famers - Statistics

General Stats
  • This quiz has been taken 33 times
    10 since last reset
  • The average score is 17 of 50
Answer Stats
Year Inducted Position(s) Years Answer % Correct
2023 3B 1996-2002 Scott Rolen
88%
2025 SS 2000-2014 Jimmy Rollins
75%
1989 3B 1972-1989 Mike Schmidt
75%
2014 Manager 2005-2013 Charlie Manuel
63%
1990 SSManager 1970-19812001-2004 Larry Bowa
63%
1988 P 1972-1986 Steve Carlton
63%
1980 P 1911-1917, 1930 Grover Cleveland Alexander
50%
2016 1B 2003-2005, 2012 Jim Thome
50%
2011 1BTelevision 1989-19942017-Present John Kruk
50%
1978 OFTelevision 1948-19591963-1997 Richie Ashburn
50%
1978 P 1948-1961 Robin Roberts
50%
2022 OF 1977-1981 Bake McBride
38%
2005 C 1972-1982 Bob Boone
38%
2006 PManager 1960-19671979-1981 Dallas Green
38%
2010 C 1983, 1985-1997 Darren Daulton
38%
1993 1B/3B/OF 1963-1969, 1975-1976 Dick Allen
38%
1984 OF 1888-1889, 1891-1901 Ed Delahanty
38%
2025 Executive 1998-2005 Ed Wade
38%
2009 Television 1971-2009 Harry Kalas
38%
1982 P 1964-1969, 1970-1971 Jim Bunning
38%
2008 2BCoach 1983-19892011-2017 Juan Samuel
38%
2015 OF 2000-2008 Pat Burrell
38%
2018 GMExecutive 2005-20082008-Present Pat Gillick
38%
2018 P 2010-2013 Roy Halladay
38%
2019 OF 1998-2006 Bobby Abreu
25%
1979 OF 1928-1933, 1936-1939, 1940-1944 Chuck Klein
25%
2013 P 1992-2000 Curt Schilling
25%
1992 P 1947-1960 Curt Simmons
25%
2024 Executive 1997-2014 David Montgomery
25%
1981 OF 1946-1956 Del Ennis
25%
2000 OF 1975-1986 Garry Maddox
25%
1997 OF 1970-1980 Greg Luzinski
25%
2023 GM 1959-1972 John Quinn
25%
2007 INFCoach Executive 1970-1971, 1976-19811988-2004 2004-2007 John Vukovich
25%
1987 ManagerGM Executive 1972, 1983-19841972-1983 1984-2003 Paul Owens
25%
2022 P 1976-1983 Ron Reed
25%
2023 Executive 1963-1981 Ruly Carpenter
25%
1995 OF 1889-1898 Sam Thompson
25%
2002 OF 1904-1914 Sherry Magee
25%
1998 P 1975-1984 Tug McGraw
25%
2003 OF 1890-1895 Billy Hamilton
13%
1991 P 1959-1972 Chris Short
13%
1985 OF 1918-1930 Cy Williams
13%
1999 OFManager 1912-19201919-1920 Gavvy Cravath
13%
1986 SS 1944-1959 Granny Hamner
13%
1996 OF 1960-1969 Johnny Callison
13%
2020 2B 1979-1982 Manny Trillo
13%
2012 C 1994-2006 Mike Liberthal
13%
2001 2B 1960-1971, 1974-1976 Tony Taylor
13%
1994 3B 1947-1959 Willie Jones
13%
No matching quizzes found
Score Distribution
Percent of People with Each Score
Percentile by Number Answered
Your Score History
You have not taken this quiz since the last reset